| 000 | 00707nam a22001577a 4500 | ||
|---|---|---|---|
| 999 |
_c4630 _d235134 |
||
| 080 | _a342.72/ 73 M 923 | ||
| 100 |
_4aut _aMuniagurria Paula Susana |
||
| 245 | _aDiscurso Jurídico y perspectiva de Género: Apuntes para una agenda de Derechos de las mujeres | ||
| 300 | _a233 P. | ||
| 500 | _aDirector de tesis: Portela Mario Alberto | ||
| 502 | _aTesis (Doctorado)--Universidad Nacional de Mar del Plata. Facultad de Derecho: Departamento de Posgrado, 2016. | ||
| 504 | _aTiene Bibliografía: P. 221- 233. | ||
| 650 |
_2IEDCYT _agenero _aidentidad femanina _aviolencia de genero _afemicidio _aviolencia sexual _apornografia _aderechos humanos _atrata de mujeres |
||
| 945 |
_acd _d2017-10-06 |
||